[Event "KAZ-ch (Women)"]
[Site "Almaty"]
[Date "2018.04.20"]
[Round "1"]
[White "Zhylkaidarova, Sholpan"]
[Black "Kairbekova, Amina"]
[Result "1-0"]
[WhiteElo "2199"]
[BlackElo "1898"]
[PlyCount "81"]
[EventDate "2018.04.20"]
[EventType "tourn"]
[EventRounds "9"]
[EventCountry "KAZ"]
[SourceTitle "CBM 184 Extra"]
[Source "ChessBase"]
[SourceDate "2018.06.28"]
[SourceVersion "1"]
[SourceVersionDate "2018.06.28"]
[SourceQuality "1"]

1. d4 Nf6 2. c4 c5 3. d5 b5 4. cxb5 a6 5. bxa6 g6 6. Nc3 Bg7 7. Nf3 0-0 8. a7 Rxa7 9. e4 Ba6 10. Be2 Qa5 11. 0-0 Rb7 12. a4 Bxe2 13. Qxe2 Na6 14. Nb5 d6 15. Bd2 Nb4 16. Bc3 Nd7 17. Bxg7 Kxg7 18. b3 Rc8 19. Rac1 Qa8 20. Rc3 Nb6 21. Nd2 Qb8 22. Rh3 e6 23. Qe3 h5 24. dxe6 fxe6 25. Qc3+ e5 26. f4 Rf7 27. f5 Rcf8 28. Qg3 Rf6 29. Rxh5 Nd3 30. Rg5 Nf4 31. Rxf4 exf4 32. Rxg6+ Rxg6 33. Qxg6+ Kh8 34. Nxd6 Qa7 35. Qh6+ Kg8 36. Qg6+ Kh8 37. f6 c4 38. f7 Nd5+ 39. Kh1 Nf6 40. Qxf6+ Kh7 41. Nf3 1-0

[Event "Asia-chT blitz (Women) 5th"]
[Site "Ashkhabad"]
[Date "2017.09.27"]
[Round "4.2"]
[White "Chuersakul, Sarocha"]
[Black "Zhylkaidarova, Sholpan"]
[Result "0-1"]
[WhiteElo "1684"]
[BlackElo "2199"]
[PlyCount "56"]
[EventDate "2017.09.27"]
[EventType "team-swiss (blitz)"]
[EventRounds "5"]
[EventCountry "TKM"]
[SourceTitle "EXT 2018"]
[Source "ChessBase"]
[SourceDate "2017.10.13"]
[SourceVersion "1"]
[SourceVersionDate "2017.10.13"]
[SourceQuality "1"]
[WhiteTeam "Thailand"]
[BlackTeam "Kazakhstan"]
[WhiteTeamCountry "THA"]
[BlackTeamCountry "KAZ"]

1. d4 Nf6 2. c4 e6 3. Nf3 d5 4. g3 dxc4 5. Bg2 Bd7 6. Ne5 Bc6 7. Nxc6 Nxc6 8. 0-0 Qd7 9. e3 Rd8 10. Nd2 e5 11. Nxc4 exd4 12. exd4 Nxd4 13. Bg5 Be7 14. Rb1 c5 15. Ne5 Qb5 16. Re1 0-0 17. Bf1 Qb6 18. Qc1 Qc7 19. Nc4 Nf3+ 20. Kh1 Nxe1 21. Qxe1 Nd5 22. Bxe7 Qxe7 23. Qd2 Qe4+ 24. Kg1 Qxb1 25. Kg2 Qe4+ 26. f3 Qd4 27. Qc2 Ne3+ 28. Nxe3 Qxe3 0-1

[Event "Asia-chT rapid (Women) 5th"]
[Site "Ashkhabad"]
[Date "2017.09.25"]
[Round "3.2"]
[White "Zhylkaidarova, Sholpan"]
[Black "Hejazipour, Mitra"]
[Result "1/2-1/2"]
[WhiteElo "2199"]
[BlackElo "2345"]
[PlyCount "106"]
[EventDate "2017.09.25"]
[EventType "team-swiss (rapid)"]
[EventRounds "5"]
[EventCountry "TKM"]
[SourceTitle "EXT 2018"]
[Source "ChessBase"]
[SourceDate "2017.10.13"]
[SourceVersion "1"]
[SourceVersionDate "2017.10.13"]
[SourceQuality "1"]
[WhiteTeam "Kazakhstan"]
[BlackTeam "Iran"]
[WhiteTeamCountry "KAZ"]
[BlackTeamCountry "IRI"]

1. d4 Nf6 2. c4 e6 3. Nc3 Bb4 4. e3 d5 5. Nf3 0-0 6. Bd3 b6 7. 0-0 Bb7 8. a3 Bd6 9. cxd5 exd5 10. b4 a6 11. Qb3 Ne4 12. Bb2 Nxc3 13. Bxc3 Nd7 14. Rac1 Nf6 15. Rfd1 Qe7 16. Bb2 Rfe8 17. Rc2 g6 18. Rdc1 Rac8 19. Bf1 Ne4 20. g3 Rcd8 21. Bg2 f6 22. Ne1 Kg7 23. Nd3 Qf7 24. Nf4 c6 25. a4 b5 26. axb5 axb5 27. Nd3 Bb8 28. Nc5 Nxc5 29. dxc5 Bc8 30. Ra1 Be6 31. Qa3 Be5 32. Qa7 Bf5 33. Rd2 Rd7 34. Qb6 Qe6 35. Bd4 Bc7 36. Qa6 Bb8 37. Qa2 Ra7 38. Qb2 Ree7 39. Rdd1 Bg4 40. f3 Bf5 41. g4 Rxa1 42. Rxa1 Bd3 43. Ra6 Kf7 44. Ra8 Be5 45. Bxe5 fxe5 46. Qa3 Bc4 47. Qa5 d4 48. Qd8 Re8 49. Ra7+ Re7 50. Ra8 Re8 51. Ra7+ Kf8 52. Qc7 Re7 53. Qd8+ Kf7 1/2-1/2

[Event "Olympiad Women-42"]
[Site "Baku"]
[Date "2016.09.10"]
[Round "8.2"]
[White "Zhylkaidarova, Sholpan"]
[Black "Pourkashiyan, Atousa"]
[Result "0-1"]
[WhiteElo "2162"]
[BlackElo "2335"]
[PlyCount "104"]
[EventDate "2016.09.02"]
[EventType "team-swiss"]
[EventRounds "11"]
[EventCountry "AZE"]
[SourceTitle "CBM 174 Extra"]
[Source "ChessBase"]
[SourceDate "2016.10.10"]
[SourceVersion "1"]
[SourceVersionDate "2016.10.10"]
[SourceQuality "1"]
[WhiteTeam "Kazakhstan (W)"]
[BlackTeam "Iran (W)"]
[WhiteTeamCountry "KAZ"]
[BlackTeamCountry "IRI"]

1. d4 Nf6 2. c4 e6 3. Nc3 Bb4 4. e3 0-0 5. Bd3 d5 6. Nge2 dxc4 7. Bxc4 e5 8. 0-0 Nc6 9. a3 Bd6 10. d5 Ne7 11. Ng3 a6 12. Ba2 h6 13. e4 Ng6 14. b4 Bd7 15. Na4 b6 16. Nb2 Nf4 17. Re1 Ng4 18. Qf3 Qf6 19. Nh1 h5 20. Nd3 g5 21. h3 Kg7 22. Bb2 Rh8 23. Rad1 Rae8 24. h4 Nxd3 25. Qxf6+ Nxf6 26. Rxd3 gxh4 27. f4 Ng4 28. Nf2 f6 29. f5 a5 30. Bc3 Ra8 31. Bb1 Kf7 32. Rh3 axb4 33. axb4 Ra3 34. Rc1 Rg8 35. Bd2 Rxh3 36. Nxh3 Ra8 37. Kf1 Bb5+ 38. Ke1 Ra3 39. Rc3 Ra1 40. Rc1 Ra3 41. Rc3 Ra1 42. Rc1 Ke8 43. Ng1 Ra3 44. Rc3 Bxb4 45. Rxa3 Bxa3 46. Nf3 Bc5 47. Kd1 Bf2 48. Ne1 Bf1 49. Bd3 Bxg2 50. Bb5+ Kd8 51. Nxg2 h3 52. Bf1 h2 0-1

[Event "Olympiad Women-42"]
[Site "Baku"]
[Date "2016.09.08"]
[Round "6.3"]
[White "Zhylkaidarova, Sholpan"]
[Black "Papp, Petra"]
[Result "1/2-1/2"]
[WhiteElo "2162"]
[BlackElo "2336"]
[PlyCount "114"]
[EventDate "2016.09.02"]
[EventType "team-swiss"]
[EventRounds "11"]
[EventCountry "AZE"]
[SourceTitle "CBM 174 Extra"]
[Source "ChessBase"]
[SourceDate "2016.10.10"]
[SourceVersion "1"]
[SourceVersionDate "2016.10.10"]
[SourceQuality "1"]
[WhiteTeam "Kazakhstan (W)"]
[BlackTeam "Hungary (W)"]
[WhiteTeamCountry "KAZ"]
[BlackTeamCountry "HUN"]

1. d4 Nf6 2. c4 g6 3. Nc3 d5 4. cxd5 Nxd5 5. e4 Nxc3 6. bxc3 Bg7 7. Be3 c5 8. Qd2 Qa5 9. Rc1 0-0 10. Nf3 Rd8 11. d5 e6 12. Bg5 f6 13. Bf4 Qa4 14. Qc2 Qxc2 15. Rxc2 exd5 16. exd5 Bf5 17. Rb2 Be4 18. Bc4 Nd7 19. Bc7 Nb6 20. Bb5 Rdc8 21. d6 f5 22. 0-0 Bxc3 23. Rb3 Bf6 24. Nd2 Bd5 25. Rd3 Bxa2 26. Rc1 a6 27. Bxb6 axb5 28. d7 Rcb8 29. Bxc5 Bc4 30. Nxc4 bxc4 31. Rd6 Be7 32. Rd5 Bxc5 33. Rxc5 Rd8 34. R5xc4 Rxd7 35. h4 Kf7 36. Rb4 Rad8 37. Kh2 Re8 38. Rcb1 Ree7 39. R1b2 Ke8 40. Rb5 Kd8 41. h5 Kc8 42. hxg6 hxg6 43. Rb6 g5 44. Kg3 Rc7 45. Rf6 Rf7 46. Rxf7 Rxf7 47. f4 g4 48. Kh4 Kc7 49. Kg5 Kc6 50. Rc2+ Kd5 51. Rc8 Ke6 52. Re8+ Re7 53. Rb8 Rg7+ 54. Kh6 Kf6 55. g3 Rc7 56. Rf8+ Ke6 57. Kg6 Rc3 1/2-1/2

[Event "Olympiad Women-42"]
[Site "Baku"]
[Date "2016.09.05"]
[Round "4.5"]
[White "Batyte, Daiva"]
[Black "Zhylkaidarova, Sholpan"]
[Result "0-1"]
[WhiteElo "2189"]
[BlackElo "2162"]
[PlyCount "70"]
[EventDate "2016.09.02"]
[EventType "team-swiss"]
[EventRounds "11"]
[EventCountry "AZE"]
[SourceTitle "CBM 174 Extra"]
[Source "ChessBase"]
[SourceDate "2016.10.10"]
[SourceVersion "1"]
[SourceVersionDate "2016.10.10"]
[SourceQuality "1"]
[WhiteTeam "Lithuania (W)"]
[BlackTeam "Kazakhstan (W)"]
[WhiteTeamCountry "LTU"]
[BlackTeamCountry "KAZ"]

1. c4 e5 2. Nc3 Bb4 3. Nd5 Bc5 4. e3 c6 5. Nc3 d5 6. cxd5 cxd5 7. d4 exd4 8. exd4 Bb6 9. Bb5+ Nc6 10. Nge2 Nge7 11. 0-0 0-0 12. Be3 Nf5 13. Bd3 Re8 14. Nf4 Nce7 15. Qh5 g6 16. Qd1 Qd6 17. Nb5 Qf6 18. Rc1 Bd7 19. Nc3 Bc6 20. Bxf5 Qxf5 21. b4 a6 22. a4 Rec8 23. Re1 Bd7 24. Nd3 Nc6 25. Nc5 Nxb4 26. Nxb7 Rc6 27. Nc5 Bxc5 28. dxc5 Nd3 29. g4 Qxg4+ 30. Qxg4 Bxg4 31. Nxd5 Re8 32. Bd4 Nxe1 33. Nf6+ Rxf6 34. Bxf6 Nd3 35. Rc3 Bh3 0-1

[Event "Novokuznetsk (Women)"]
[Site "Novokuznetsk"]
[Date "2016.08.16"]
[Round "9"]
[White "Zhylkaidarova, Sholpan"]
[Black "Ankudinova, Elena"]
[Result "1/2-1/2"]
[WhiteElo "2136"]
[BlackElo "2127"]
[PlyCount "67"]
[EventDate "2016.08.09"]
[EventType "tourn"]
[EventRounds "9"]
[EventCountry "RUS"]
[SourceTitle "EXT 2018"]
[Source "ChessBase"]
[SourceDate "2017.10.13"]
[SourceVersion "1"]
[SourceVersionDate "2017.10.13"]
[SourceQuality "1"]

1. d4 e6 2. c4 f5 3. Nf3 Nf6 4. g3 c6 5. Bg2 d5 6. b3 Bd6 7. 0-0 Qe7 8. Bb2 Nbd7 9. Qc1 0-0 10. Ba3 Bxa3 11. Nxa3 e5 12. dxe5 Nxe5 13. cxd5 Nxd5 14. Nc4 Nxf3+ 15. Bxf3 f4 16. Rd1 Bh3 17. Qa3 Qg5 18. Qc5 Be6 19. Na5 Rae8 20. Nxb7 fxg3 21. hxg3 Bg4 22. Qxc6 Nf4 23. Nd6 Rxe2 24. Bxg4 Qxg4 25. Qc4+ Re6 26. Rf1 Ne2+ 27. Kg2 Qf3+ 28. Kh2 Qh5+ 29. Kg2 Nf4+ 30. gxf4 Qg4+ 31. Kh2 Qh4+ 32. Kg2 Qg4+ 33. Kh2 Qh4+ 34. Kg2 1/2-1/2

[Event "Yerevan Asrian Memorial 9th"]
[Site "Yerevan"]
[Date "2016.06.17"]
[Round "2"]
[White "Zhylkaidarova, Sholpan"]
[Black "Nazaryan, Armenak"]
[Result "0-1"]
[WhiteElo "2164"]
[BlackElo "1845"]
[PlyCount "100"]
[EventDate "2016.06.16"]
[EventType "swiss"]
[EventRounds "9"]
[EventCountry "ARM"]
[SourceTitle "CBM 173 Extra"]
[Source "ChessBase"]
[SourceDate "2016.08.29"]
[SourceVersion "1"]
[SourceVersionDate "2016.08.29"]
[SourceQuality "1"]

1. d4 d5 2. c4 e6 3. Nc3 c6 4. e4 dxe4 5. Nxe4 Bb4+ 6. Nc3 c5 7. a3 Ba5 8. Be3 Nf6 9. Nf3 Ne4 10. Qc2 Nxc3 11. bxc3 cxd4 12. Bxd4 0-0 13. Bd3 f5 14. 0-0 Nc6 15. Bc5 Re8 16. Rfe1 Qf6 17. Nd4 Bd7 18. f4 Bc7 19. Nxc6 Bxc6 20. Bd4 e5 21. fxe5 Bxe5 22. Bxe5 Rxe5 23. Rxe5 Qxe5 24. Bxf5 Rf8 25. Rf1 g6 26. Bd3 Qc5+ 27. Kh1 Rxf1+ 28. Bxf1 Qxa3 29. Qd3 a5 30. c5 Qxc5 31. Qd8+ Kg7 32. Qc7+ Kh6 33. Qf4+ Kg7 34. Qc7+ Kg8 35. Qd8+ Kf7 36. Qc7+ Kf6 37. Qxh7 Qf2 38. Qh8+ Ke7 39. Qe5+ Kd7 40. Qg7+ Kc8 41. Qh8+ Kc7 42. Qe5+ Kb6 43. Qd4+ Qxd4 44. cxd4 a4 45. Bc4 Ka5 46. d5 Bd7 47. Kg1 b5 48. Bd3 a3 49. Bb1 b4 50. Ba2 Ka4 0-1

[Event "Asia Cup (Women)"]
[Site "Abu Dhabi"]
[Date "2016.03.31"]
[Round "4.4"]
[White "Zahedifar, Anahita"]
[Black "Zhylkaidarova, Sholpan"]
[Result "1/2-1/2"]
[WhiteElo "2112"]
[BlackElo "2176"]
[PlyCount "134"]
[EventDate "2016.03.28"]
[EventType "team-swiss"]
[EventRounds "9"]
[EventCountry "UAE"]
[SourceTitle "CBM 171 Extra"]
[Source "ChessBase"]
[SourceDate "2016.04.26"]
[SourceVersion "1"]
[SourceVersionDate "2016.04.26"]
[SourceQuality "1"]
[WhiteTeam "Iran (W)"]
[BlackTeam "Kazakhstan (W)"]
[WhiteTeamCountry "IRI"]
[BlackTeamCountry "KAZ"]

1. d4 Nf6 2. c4 e6 3. Nc3 Bb4 4. Qc2 Nc6 5. Nf3 d6 6. Bd2 0-0 7. a3 Bxc3 8. Bxc3 Qe7 9. e3 e5 10. d5 Nb8 11. Nd2 a5 12. b3 Nbd7 13. Be2 b5 14. cxb5 Nxd5 15. Bf3 Bb7 16. Nc4 Nc5 17. Nxa5 e4 18. Be2 Bc8 19. 0-0 Qg5 20. Kh1 Re8 21. Bb4 Nxb4 22. axb4 Nd3 23. Bxd3 exd3 24. Qxd3 Bf5 25. Qd5 Qf6 26. f3 Be6 27. Qd3 Bd7 28. Rac1 Qg5 29. Rxc7 Bxb5 30. Nc4 d5 31. Rc5 dxc4 32. bxc4 Bxc4 33. Qxc4 Qxe3 34. Rc7 Re7 35. Rxe7 Qxe7 36. b5 Rb8 37. Qc6 Qb4 38. Rd1 h6 39. h3 Qxb5 40. Rd8+ Kh7 41. Qc2+ g6 42. Qc7 Rxd8 43. Qxf7+ Kh8 44. Qf6+ Kh7 45. Qe7+ Kh8 46. Qxd8+ Kh7 47. Qe7+ Kg8 48. Qf6 Qb1+ 49. Kh2 Qb8+ 50. f4 Qb1 51. h4 Qe4 52. Qd8+ Kh7 53. Qc7+ Kg8 54. Qe5 Qc4 55. Qf6 Qe4 56. Qd8+ Kh7 57. Qd7+ Kg8 58. Qg4 Kh7 59. Qd7+ Kg8 60. Qc7 Qe1 61. Qd8+ Kf7 62. Qd7+ Kf8 63. Qg4 Qe4 64. Qc8+ Kg7 65. Qc7+ Kg8 66. Qe5 Qc4 67. Qf6 Qb5 1/2-1/2

[Event "Asia Cup (Women)"]
[Site "Abu Dhabi"]
[Date "2016.03.30"]
[Round "3.4"]
[White "Zhylkaidarova, Sholpan"]
[Black "Bashaer, Khalil"]
[Result "1-0"]
[WhiteElo "2176"]
[BlackElo "1549"]
[PlyCount "53"]
[EventDate "2016.03.28"]
[EventType "team-swiss"]
[EventRounds "9"]
[EventCountry "UAE"]
[SourceTitle "CBM 171 Extra"]
[Source "ChessBase"]
[SourceDate "2016.04.26"]
[SourceVersion "1"]
[SourceVersionDate "2016.04.26"]
[SourceQuality "1"]
[WhiteTeam "Kazakhstan (W)"]
[BlackTeam "United Arab Emirates (W) II"]
[WhiteTeamCountry "KAZ"]
[BlackTeamCountry "UAE"]

1. d4 d5 2. c4 e6 3. Nc3 Nf6 4. Nf3 c6 5. Bg5 Nbd7 6. e3 Qa5 7. Nd2 Bb4 8. Qc2 0-0 9. Bxf6 Nxf6 10. Bd3 Bd6 11. 0-0 Qc7 12. Nf3 dxc4 13. Bxc4 e5 14. Ne4 Nxe4 15. Qxe4 exd4 16. Ng5 g6 17. Qh4 h5 18. Nxf7 Rxf7 19. Qf6 Bb4 20. Qxg6+ Kf8 21. Qh6+ Ke8 22. Qxh5 Qe7 23. a3 Bd6 24. exd4 Qf6 25. Rae1+ Kf8 26. Bxf7 Qxf7 27. Qh8+ 1-0

[Event "KAZ-ch sf (Women)"]
[Site "Pavlodar"]
[Date "2016.02.12"]
[Round "7"]
[White "Mukhit, Aisezym"]
[Black "Zhylkaidarova, Sholpan"]
[Result "0-1"]
[WhiteElo "1996"]
[BlackElo "2173"]
[PlyCount "88"]
[EventDate "2016.02.05"]
[EventType "swiss"]
[EventRounds "9"]
[EventCountry "KAZ"]
[SourceTitle "CBM 171 Extra"]
[Source "ChessBase"]
[SourceDate "2016.04.26"]
[SourceVersion "1"]
[SourceVersionDate "2016.04.26"]
[SourceQuality "1"]

1. e4 e6 2. d4 d5 3. exd5 exd5 4. Bd3 Bd6 5. Nf3 Ne7 6. 0-0 0-0 7. c4 dxc4 8. Bxc4 c6 9. Re1 Nd5 10. Qd3 Nd7 11. Nc3 N7f6 12. Bb3 Nb4 13. Qb1 Bg4 14. Ne5 Bc7 15. Bg5 Be6 16. Bxe6 fxe6 17. Ng4 Qxd4 18. Nxf6+ gxf6 19. Re4 Qd6 20. Bf4 e5 21. Bh6 Rf7 22. Rg4+ Kh8 23. Qf5 Nd5 24. Rd1 Qd7 25. Qf3 f5 26. Rh4 Qe7 27. Rh5 Nxc3 28. bxc3 Qe6 29. Qh3 Bb6 30. Re1 Re8 31. a4 Bc5 32. Bg5 Be7 33. Rh6 Qd5 34. Bxe7 Rexe7 35. Qh5 Rg7 36. g3 Qf7 37. Qd1 Rg6 38. Rxg6 Qxg6 39. Qd8+ Qe8 40. Qd6 Kg7 41. h4 Re6 42. Qc5 b6 43. Qe3 Qe7 44. Kg2 Qd6 0-1

[Event "KAZ-ch sf (Women)"]
[Site "Pavlodar"]
[Date "2016.02.10"]
[Round "5"]
[White "Kim, Kristina"]
[Black "Zhylkaidarova, Sholpan"]
[Result "0-1"]
[WhiteElo "1785"]
[BlackElo "2173"]
[PlyCount "36"]
[EventDate "2016.02.05"]
[EventType "swiss"]
[EventRounds "9"]
[EventCountry "KAZ"]
[SourceTitle "CBM 171 Extra"]
[Source "ChessBase"]
[SourceDate "2016.04.26"]
[SourceVersion "1"]
[SourceVersionDate "2016.04.26"]
[SourceQuality "1"]

1. d4 e6 2. Nf3 c5 3. c3 Nc6 4. Bf4 cxd4 5. Nxd4 Nf6 6. e3 Be7 7. Nd2 0-0 8. Be2 d5 9. N2f3 Ne4 10. Bd3 f5 11. h4 h6 12. Nxc6 bxc6 13. Bxe4 fxe4 14. Ne5 Qe8 15. h5 Bf6 16. Qg4 Bxe5 17. Bxe5 Qe7 18. Rh3 Rf5 0-1

[Event "Olomouc IM 18th"]
[Site "Olomouc"]
[Date "2015.08.20"]
[Round "7"]
[White "Biolek, Richard"]
[Black "Zhylkaidarova, Sholpan"]
[Result "1-0"]
[WhiteElo "2447"]
[BlackElo "2145"]
[PlyCount "79"]
[EventDate "2015.08.15"]
[EventType "tourn"]
[EventRounds "9"]
[EventCountry "CZE"]
[EventCategory "2"]
[SourceTitle "EXT 2016"]
[Source "ChessBase"]
[SourceDate "2015.10.08"]
[SourceVersion "1"]
[SourceVersionDate "2015.10.08"]
[SourceQuality "1"]

1. e4 e6 2. d4 d5 3. Nd2 Nc6 4. c3 e5 5. exd5 Qxd5 6. Ngf3 exd4 7. Bc4 Qf5 8. 0-0 Be6 9. Bxe6 fxe6 10. cxd4 0-0-0 11. Nc4 Nf6 12. Be3 Nd5 13. Rc1 Be7 14. a3 g5 15. Qc2 Qxc2 16. Rxc2 Rhg8 17. Nfe5 Nxe5 18. Nxe5 Bf6 19. Nd3 Nb6 20. Nc5 Rge8 21. Ne4 Be7 22. Rfc1 c6 23. Nxg5 Bxg5 24. Bxg5 Rxd4 25. Be3 Rd5 26. g3 Kc7 27. Kg2 Red8 28. Re2 Nd7 29. Rc4 Re8 30. Rg4 Re7 31. Bg5 Re8 32. Bf4+ e5 33. Rg7 Kc8 34. Be3 Rh8 35. h4 Kc7 36. f4 exf4 37. Bxf4+ Kc8 38. Rxh7 Rg8 39. h5 Nf6 40. Rc7+ 1-0

[Event "Olomouc IM 18th"]
[Site "Olomouc"]
[Date "2015.08.19"]
[Round "6"]
[White "Zhylkaidarova, Sholpan"]
[Black "Soural, Jan"]
[Result "1/2-1/2"]
[WhiteElo "2145"]
[BlackElo "2215"]
[PlyCount "81"]
[EventDate "2015.08.15"]
[EventType "tourn"]
[EventRounds "9"]
[EventCountry "CZE"]
[EventCategory "2"]
[SourceTitle "EXT 2016"]
[Source "ChessBase"]
[SourceDate "2015.10.08"]
[SourceVersion "1"]
[SourceVersionDate "2015.10.08"]
[SourceQuality "1"]

1. d4 Nf6 2. c4 g6 3. Nc3 Bg7 4. e4 0-0 5. Nf3 d6 6. Be2 Na6 7. 0-0 e5 8. Re1 Bg4 9. Be3 exd4 10. Nxd4 Bxe2 11. Qxe2 Re8 12. f3 c6 13. Nc2 Qc7 14. Qf2 b6 15. Red1 Nd7 16. Bd4 Bf8 17. Ne3 Nac5 18. Ng4 Ne6 19. Nf6+ Nxf6 20. Bxf6 Bg7 21. Bxg7 Nxg7 22. Rd2 Qe7 23. Rad1 Red8 24. Qg3 Nh5 25. Qf2 Rd7 26. b4 Nf6 27. b5 cxb5 28. cxb5 Rc8 29. Ne2 Rc5 30. Nd4 Qe8 31. a4 d5 32. Nb3 Rc3 33. Qd4 Nxe4 34. fxe4 Rxb3 35. exd5 Qe3+ 36. Qxe3 Rxe3 37. Kf2 Re5 38. Kf3 Kg7 39. Kf4 f6 40. g4 Kf8 41. Rd4 1/2-1/2

[Event "Olomouc IM 18th"]
[Site "Olomouc"]
[Date "2015.08.16"]
[Round "3"]
[White "Kozusek, Daniel"]
[Black "Zhylkaidarova, Sholpan"]
[Result "1/2-1/2"]
[WhiteElo "2347"]
[BlackElo "2145"]
[PlyCount "45"]
[EventDate "2015.08.15"]
[EventType "tourn"]
[EventRounds "9"]
[EventCountry "CZE"]
[EventCategory "2"]
[SourceTitle "EXT 2016"]
[Source "ChessBase"]
[SourceDate "2015.10.08"]
[SourceVersion "1"]
[SourceVersionDate "2015.10.08"]
[SourceQuality "1"]

1. e4 e6 2. d4 d5 3. Nd2 Nc6 4. Ngf3 Nf6 5. e5 Nd7 6. Bd3 Nb4 7. Be2 c5 8. c3 Nc6 9. 0-0 f6 10. Re1 cxd4 11. cxd4 Qb6 12. Nf1 Bb4 13. Bd2 Nxd4 14. Nxd4 Qxd4 15. exf6 Bc5 16. f7+ Kxf7 17. Ne3 Rf8 18. Qc2 Kg8 19. Rad1 Qh4 20. g3 Qf6 21. Rf1 Qe7 22. Ng4 e5 23. Qb3 1/2-1/2

[Event "Pardubice Czech op-A 26th"]
[Site "Pardubice"]
[Date "2015.07.24"]
[Round "1.89"]
[White "Nasuta, Grzegorz"]
[Black "Zhylkaidarova, Sholpan"]
[Result "1-0"]
[WhiteElo "2365"]
[BlackElo "2145"]
[PlyCount "49"]
[EventDate "2015.07.24"]
[EventType "swiss"]
[EventRounds "9"]
[EventCountry "CZE"]
[SourceTitle "EXT 2017"]
[Source "ChessBase"]
[SourceDate "2016.10.25"]
[SourceVersion "1"]
[SourceVersionDate "2016.10.25"]
[SourceQuality "1"]

1. e4 e6 2. d4 d5 3. Nc3 Bb4 4. e5 c5 5. a3 Bxc3+ 6. bxc3 Qc7 7. Qg4 Ne7 8. Qxg7 Rg8 9. Qxh7 cxd4 10. Ne2 dxc3 11. f4 Nbc6 12. h4 Bd7 13. h5 0-0-0 14. Qd3 Nf5 15. Qxc3 d4 16. Qc5 Be8 17. h6 Rd5 18. Qc4 Rh8 19. g4 Rxh6 20. Bg2 Qa5+ 21. Bd2 Rc5 22. Qd3 Qa4 23. gxf5 Rxh1+ 24. Bxh1 Rxc2 25. Bxc6 1-0

[Event "Pardubice op rap 26th"]
[Site "Pardubice"]
[Date "2015.07.23"]
[Round "7"]
[White "Zhylkaidarova, Sholpan"]
[Black "Aharon, Ofir"]
[Result "1-0"]
[WhiteElo "2145"]
[BlackElo "2355"]
[PlyCount "63"]
[EventDate "2015.07.22"]
[EventType "swiss (rapid)"]
[EventRounds "9"]
[EventCountry "CZE"]
[SourceTitle "CBM 167 Extra"]
[Source "ChessBase"]
[SourceDate "2015.09.14"]
[SourceVersion "1"]
[SourceVersionDate "2015.09.14"]
[SourceQuality "1"]

1. d4 Nf6 2. c4 g6 3. Nc3 d5 4. cxd5 Nxd5 5. e4 Nxc3 6. bxc3 Bg7 7. Be3 c5 8. Qd2 Qa5 9. Rc1 cxd4 10. cxd4 Qxd2+ 11. Kxd2 0-0 12. Bb5 Rd8 13. Ne2 Nc6 14. Bxc6 bxc6 15. Rxc6 Bb7 16. Rc7 Bxe4 17. f3 Bd5 18. Rxe7 Rdb8 19. Nc3 Bc4 20. Rb1 Rxb1 21. Nxb1 Bxa2 22. Nc3 Bc4 23. Rc7 Bf1 24. g3 a5 25. d5 Bf8 26. Ne4 Bg7 27. d6 Be5 28. f4 Bg2 29. fxe5 Bxe4 30. d7 Kf8 31. Rc8+ Ke7 32. d8Q+ 1-0

[Event "Pardubice op rap 26th"]
[Site "Pardubice"]
[Date "2015.07.23"]
[Round "5"]
[White "Zhylkaidarova, Sholpan"]
[Black "Nosek, Jan"]
[Result "1-0"]
[WhiteElo "2145"]
[BlackElo "1772"]
[PlyCount "53"]
[EventDate "2015.07.22"]
[EventType "swiss (rapid)"]
[EventRounds "9"]
[EventCountry "CZE"]
[SourceTitle "CBM 167 Extra"]
[Source "ChessBase"]
[SourceDate "2015.09.14"]
[SourceVersion "1"]
[SourceVersionDate "2015.09.14"]
[SourceQuality "1"]

1. d4 Nf6 2. c4 g6 3. Nc3 Bg7 4. e4 d6 5. Be2 0-0 6. Nf3 e5 7. 0-0 Nc6 8. d5 Ne7 9. b4 Nd7 10. a4 a5 11. Ba3 axb4 12. Bxb4 h6 13. Ne1 f5 14. f3 f4 15. Nd3 g5 16. c5 Nf6 17. cxd6 cxd6 18. Nb5 Ne8 19. Nb2 Rf6 20. Nc4 Ng6 21. a5 Ra6 22. Nb6 Rxb6 23. axb6 Qxb6+ 24. Kh1 Bd7 25. Ba5 Qc5 26. Rc1 Qe3 27. Rc3 1-0

[Event "Pardubice op rap 26th"]
[Site "Pardubice"]
[Date "2015.07.22"]
[Round "2"]
[White "Neuzil, Torey G"]
[Black "Zhylkaidarova, Sholpan"]
[Result "1-0"]
[WhiteElo "1761"]
[BlackElo "2145"]
[PlyCount "65"]
[EventDate "2015.07.22"]
[EventType "swiss (rapid)"]
[EventRounds "9"]
[EventCountry "CZE"]
[SourceTitle "CBM 167 Extra"]
[Source "ChessBase"]
[SourceDate "2015.09.14"]
[SourceVersion "1"]
[SourceVersionDate "2015.09.14"]
[SourceQuality "1"]

1. d4 Nf6 2. Nf3 e6 3. Bf4 d5 4. e3 Bd6 5. Bg3 Ne4 6. Bxd6 Qxd6 7. a3 0-0 8. c4 c6 9. Nbd2 f5 10. Ne5 Nd7 11. Ndf3 Ndf6 12. Bd3 Bd7 13. 0-0 Be8 14. Qb3 Rb8 15. Rac1 Bh5 16. cxd5 exd5 17. Rc2 Qe6 18. Nd2 Nxd2 19. Rxd2 Nd7 20. f4 Nf6 21. Rc1 Ne4 22. Bxe4 fxe4 23. Qa4 a6 24. Qa5 Rbe8 25. Qb6 Re7 26. b4 Be8 27. a4 Rf6 28. Rb2 h6 29. Qd8 Kh7 30. Rc5 Rf8 31. b5 axb5 32. axb5 cxb5 33. Rbxb5 1-0